000 00696nam a2200229 i 4500
001 C2-0310203
003 PPAK
005 20180728101443.0
008 110612s1999 xx a|||| ||||| | may d
040 _aPPAK
_beng
_cPPAK
_erda
082 0 4 _a959.5
_223
090 0 0 _a959.5
_bWAR
_dKMI
245 0 0 _aWarisan :
_bJurnal Persatuan Sejarah Malaysia Cawangan Negeri Sembilan
264 1 _bPersatuan Sejarah Malaysia Cawangan Negeri Sembilan ,
_c1999
300 _a113 pages :
_bcolour illustrations ;
_c21 cm
336 _2rdacontent
_atext
337 _2rdamedia
_aunmediated
338 _2rdacarrier
_avolume
500 _aKeluaran 22, 1999
650 1 0 _aMalaysia - History.
942 _ddc
_cB
999 _c112690
_d112690